LEADER 01615nam 2200553 a 450 001 9910786332303321 005 20230126205839.0 010 $a1-4214-0709-4 035 $a(CKB)2670000000277640 035 $a(OCoLC)813286355 035 $a(CaPaEBR)ebrary10611258 035 $a(SSID)ssj0000719912 035 $a(PQKBManifestationID)11479660 035 $a(PQKBTitleCode)TC0000719912 035 $a(PQKBWorkID)10660359 035 $a(PQKB)11460774 035 $a(MiAaPQ)EBC3318600 035 $a(MdBmJHUP)muse18808 035 $a(Au-PeEL)EBL3318600 035 $a(CaPaEBR)ebr10611258 035 $a(OCoLC)821738341 035 $a(EXLCZ)992670000000277640 100 $a20120123d2012 uy 0 101 0 $aeng 135 $aurcn||||||||| 181 $ctxt 182 $cc 183 $acr 200 10$aAging and the art of living$b[electronic resource] /$fJan Baars 210 $aBaltimore $cJohns Hopkins University Press$d2012 215 $a1 online resource (298 p.) 300 $aBibliographic Level Mode of Issuance: Monograph 311 $a1-4214-0646-2 320 $aIncludes bibliographical references (p. [253]-274) and index. 606 $aAging$xSocial aspects 606 $aAging$xPhilosophy 606 $aLongevity 615 0$aAging$xSocial aspects. 615 0$aAging$xPhilosophy. 615 0$aLongevity. 676 $a305.26 700 $aBaars$b Jan$0910249 801 0$bMiAaPQ 801 1$bMiAaPQ 801 2$bMiAaPQ 906 $aBOOK 912 $a9910786332303321 996 $aAging and the art of living$93761441 997 $aUNINA LEADER 03653oam 2200505 c 450 001 9910846983903321 005 20260302090207.0 010 $a9783839442128 010 $a3839442125 024 7 $a10.14361/9783839442128 035 $a(CKB)4340000000264630 035 $a(MiAaPQ)EBC5346094 035 $a(DE-B1597)492829 035 $a(OCoLC)1031965451 035 $a(DE-B1597)9783839442128 035 $a(transcript Verlag)9783839442128 035 $a(Perlego)1464628 035 $a(EXLCZ)994340000000264630 100 $a20260302d2018 uy 0 101 0 $ager 135 $aurcnu|||||||| 181 $ctxt$2rdacontent 182 $cc$2rdamedia 183 $acr$2rdacarrier 200 10$aEpistemologie als Reflexion wissenschaftlicher Praxen$eEpistemische Räume im Ausgang von Gaston Bachelard, Louis Althusser und Joseph Rouse$fKaja Tulatz 205 $a1st ed. 210 $aBielefeld$ctranscript Verlag$d2018 215 $a1 online resource (343 pages) 225 0 $aEdition panta rei 311 08$a9783837642124 311 08$a3837642127 327 $aFrontmatter 1 Inhalt 5 Vorwort 9 0. Auf dem Weg zu einer immanenzphilosophischen Reflexion wissenschaftlicher Praxen 11 Auftakt I: Krise der Anschaulichkeit 45 Auftakt II: Soziale Räume und soziale Praxen: Der spatial turn 69 1. Immanenzphilosophie als Ontologie (?): Joseph Rouse 111 2. Von der Phänomenotechnik zur Poetik desRaumes: Gaston Bachelards Suche nach einer rekurrenten Philosophie 175 3. Immanentes Transzendieren und die Praxis der Philosophie: Louis Althusser 241 4. Reflexion als Rekonstruktion: Wissenschaftliche Praxen und epistemische Räume 303 Siglenverzeichnis 327 Literaturverzeichnis 329 330 $aWissenschaftliche Praxen in das Zentrum der philosophischen Reflexion zu stellen, wird mit dem Anspruch verbunden, problematische Voraussetzungen der klassischen Wissenschaftstheorie zu überwinden. Dass ein solches immanenzphilosophisches Projekt allerdings dann am eigenen Anspruch scheitert, wenn es von einem problematischen faktiven Verständnis wissenschaftlicher Praxen und epistemischer Räume ausgeht, führt Kaja Tulatz in Auseinandersetzung mit Joseph Rouse vor. Demgegenüber macht sie die Argumentationslinie von Gaston Bachelard und Louis Althusser für eine rekonstruktionstheoretische Reflexion fruchtbar und entwickelt ein aktuelleres reflexionsbegriffliches Verständnis epistemischer Räume. 330 1 $aBesprochen in: Berichte zur Wissenschaftsgeschichte, 4 (2018), Monika Wulz Das Argument, 333 (2019), Ines Langemeyer 606 $aWissenschaftstheorie; Erkenntnistheorie; Immanenzphilosophie; Praxisphilosophie; Spatial Turn; Raumtheorie; Joseph Rouse; Gaston Bachelard; Louis Althusser; Wissenschaft; Raum; Wissenschaftsphilosophie; Philosophie; Methodology; Epistemology; Philosophy of Immanence; Philosophy of Praxis; Spatial Theory; Science; Space; Philosophy of Science; Philosophy; 615 4$aWissenschaftstheorie; Erkenntnistheorie; Immanenzphilosophie; Praxisphilosophie; Spatial Turn; Raumtheorie; Joseph Rouse; Gaston Bachelard; Louis Althusser; Wissenschaft; Raum; Wissenschaftsphilosophie; Philosophie; Methodology; Epistemology; Philosophy of Immanence; Philosophy of Praxis; Spatial Theory; Science; Space; Philosophy of Science; Philosophy; 676 $a121 700 $aTulatz$b Kaja$4aut$01461742 712 02$aBacklisttransformation FID Philosophie 801 0$bDE-B1597 801 1$bDE-B1597 906 $aBOOK 912 $a9910846983903321 996 $aEpistemologie als Reflexion wissenschaftlicher Praxen$93670417 997 $aUNINA